| 000 | 00675nam a2200241Ia 4500 | ||
|---|---|---|---|
| 003 | OSt | ||
| 005 | 20220925164622.0 | ||
| 006 | a|||||r|||| 00| 0 | ||
| 007 | ta | ||
| 008 | 220923b |||||||| |||| 00| 0 eng d | ||
| 037 | _cGeneral Book | ||
| 040 |
_aRTL _cRTL _beng |
||
| 041 |
_2eng _aeng |
||
| 082 | _aY:(G), N3 | ||
| 100 |
_aHolcomb III Harmon R _9230814 |
||
| 245 | 0 | _aSociology , Sex and Science | |
| 260 |
_aAlbany _bState University of New York Press _c1993 |
||
| 300 |
_ax ,447p _ccm. |
||
| 500 | _aBibiliography P 427-39 | ||
| 650 |
_aSociometry _9230815 |
||
| 942 |
_hY:(G), N3 _cGB _2CC |
||
| 999 |
_c475556 _d475556 |
||